|
|
|
|
| LEADER |
03295nam a2200565 4500 |
| 001 |
978-3-030-02931-9 |
| 003 |
DE-He213 |
| 005 |
20191024142056.0 |
| 007 |
cr nn 008mamaa |
| 008 |
181228s2018 gw | s |||| 0|eng d |
| 020 |
|
|
|a 9783030029319
|9 978-3-030-02931-9
|
| 024 |
7 |
|
|a 10.1007/978-3-030-02931-9
|2 doi
|
| 040 |
|
|
|d GrThAP
|
| 050 |
|
4 |
|a TK5105.5-5105.9
|
| 072 |
|
7 |
|a UKN
|2 bicssc
|
| 072 |
|
7 |
|a COM075000
|2 bisacsh
|
| 072 |
|
7 |
|a UKN
|2 thema
|
| 082 |
0 |
4 |
|a 004.6
|2 23
|
| 245 |
1 |
0 |
|a Wired/Wireless Internet Communications
|h [electronic resource] :
|b 16th IFIP WG 6.2 International Conference, WWIC 2018, Boston, MA, USA, June 18-20, 2018, Proceedings /
|c edited by Kaushik Roy Chowdhury, Marco Di Felice, Ibrahim Matta, Bo Sheng.
|
| 250 |
|
|
|a 1st ed. 2018.
|
| 264 |
|
1 |
|a Cham :
|b Springer International Publishing :
|b Imprint: Springer,
|c 2018.
|
| 300 |
|
|
|a XIII, 338 p. 159 illus., 135 illus. in color.
|b online resource.
|
| 336 |
|
|
|a text
|b txt
|2 rdacontent
|
| 337 |
|
|
|a computer
|b c
|2 rdamedia
|
| 338 |
|
|
|a online resource
|b cr
|2 rdacarrier
|
| 347 |
|
|
|a text file
|b PDF
|2 rda
|
| 490 |
1 |
|
|a Computer Communication Networks and Telecommunications ;
|v 10866
|
| 505 |
0 |
|
|a IoT and sensor networks -- Learning-based networking -- Network deployment -- Network security -- Aerial networks -- Vehicular and content delivery networks.
|
| 520 |
|
|
|a This book constitutes the proceedings of the 16th IFIP International Conference on Wired/Wireless Internet Communications, WWIC 2018, held in Boston, MA, USA, in June 2018. The 26 regular papers presented in this volume were carefully reviewed and selected from 42 submissions. They were organized in topical sections named: IoT and sensor networks; learning-based networking; network deployment; network security; aerial networks; and vehicular and content delivery networks.
|
| 650 |
|
0 |
|a Computer communication systems.
|
| 650 |
|
0 |
|a Computer system failures.
|
| 650 |
|
0 |
|a Application software.
|
| 650 |
|
0 |
|a Computer networks
|x Security measures.
|
| 650 |
1 |
4 |
|a Computer Communication Networks.
|0 http://scigraph.springernature.com/things/product-market-codes/I13022
|
| 650 |
2 |
4 |
|a System Performance and Evaluation.
|0 http://scigraph.springernature.com/things/product-market-codes/I13049
|
| 650 |
2 |
4 |
|a Information Systems Applications (incl. Internet).
|0 http://scigraph.springernature.com/things/product-market-codes/I18040
|
| 650 |
2 |
4 |
|a Mobile and Network Security.
|0 http://scigraph.springernature.com/things/product-market-codes/I28050
|
| 700 |
1 |
|
|a Chowdhury, Kaushik Roy.
|e editor.
|4 edt
|4 http://id.loc.gov/vocabulary/relators/edt
|
| 700 |
1 |
|
|a Di Felice, Marco.
|e editor.
|4 edt
|4 http://id.loc.gov/vocabulary/relators/edt
|
| 700 |
1 |
|
|a Matta, Ibrahim.
|e editor.
|4 edt
|4 http://id.loc.gov/vocabulary/relators/edt
|
| 700 |
1 |
|
|a Sheng, Bo.
|e editor.
|4 edt
|4 http://id.loc.gov/vocabulary/relators/edt
|
| 710 |
2 |
|
|a SpringerLink (Online service)
|
| 773 |
0 |
|
|t Springer eBooks
|
| 776 |
0 |
8 |
|i Printed edition:
|z 9783030029302
|
| 776 |
0 |
8 |
|i Printed edition:
|z 9783030029326
|
| 830 |
|
0 |
|a Computer Communication Networks and Telecommunications ;
|v 10866
|
| 856 |
4 |
0 |
|u https://doi.org/10.1007/978-3-030-02931-9
|z Full Text via HEAL-Link
|
| 912 |
|
|
|a ZDB-2-SCS
|
| 912 |
|
|
|a ZDB-2-LNC
|
| 950 |
|
|
|a Computer Science (Springer-11645)
|